000 002540000a22000970004500
100 1 _aWilliams, Lewin L.
245 1 0 _a¿Por qué una teología negra?
300 _aVol. 13, Num 1 (Junio, 1993), Páginas 24-39
773 0 _tVida y pensamiento
942 _cANA
999 _c53025
_d53025